| 000 | 00409nam a2200181Ia 4500 | ||
|---|---|---|---|
| 008 | 210210b1934 xxu||||| |||| 00| 0 eng d | ||
| 041 | _aeng | ||
| 082 | _a824/40 | ||
| 100 | _aBRANSOM (J S H) | ||
| 245 | _aTragedy of King Lear | ||
| 260 |
_aOxford _bBasil Blackwell _c1934 |
||
| 650 | _aTragedy | ||
| 650 | _aof | ||
| 650 | _aLear | ||
| 650 | _aKing | ||
| 690 | _aEnglish Criticism | ||
| 906 | _a013994 | ||
| 999 |
_c133071 _d133071 |
||